000 00683cam a22002293a 4500
001 31176
003 PGUSA
005 20140828083656.0
008 100203s2010||||xxu|||||s|||||000 1 eng d
040 _aPGUSA
_beng
042 _adc
050 4 _aPZ
100 1 _aAntoine, A.
_q(Antoine),
_d1776-1836
245 1 0 _aLes Histoires merveilleuses, ou les Petits Peureux corrigés
_h[electronic resource] /
_cA. Antoine
260 _bProject Gutenberg,
_c2010
506 _aPublic domain in the USA.
516 _aElectronic text
653 _aSuperstition -- Juvenile fiction
830 0 _aProject Gutenberg
_v31176
856 4 0 _uhttp://www.gutenberg.org/ebooks/31176
942 _cEB
999 _c260431
_d260431